000 00446nam a2200193Ia 4500
005 20250603145559.0
008 250603s9999 xx 000 0 und d
020 _a978-0-13-504079-9
050 _aHB 172 .C36/
100 _aCase, Karl E.
245 0 _aPrinciples of microeconomics
250 _a9th ed.
260 _aNew Jersey
260 _bPrentice- Hall
260 _c2009
300 _a390 p
650 _aNew Jersey
942 _cBK
999 _c42263
_d42263